| Tag |
First Indicator |
Second Indicator |
Subfields |
| LEADER |
00000cam a2200000 a 4500 |
| 001 |
in00000088486 |
| 005 |
20151008065102.0 |
| 007 |
he bm----b--- |
| 008 |
780127r19771790kyu b 00010 enge |
| 035 |
|
|
|a (OCoLC)03584144
|
| 035 |
|
|
|9 AAK5325AM
|
| 040 |
|
|
|a DLC
|c RRR
|d RRR
|d m.c.
|d TXA
|d UtOrBLW
|
| 049 |
|
|
|a TXAI
|
| 082 |
0 |
|
|a 814
|
| 090 |
|
|
|a PS778
|b .H5 1790
|
| 099 |
|
|
|a fiche
|a C
|a 4458
|
| 100 |
1 |
|
|a Humphreys, David,
|d 1752-1818.
|
| 245 |
1 |
4 |
|a The miscellaneous works of Colonel Humphreys.
|
| 264 |
|
3 |
|a New York :
|b Printed by Hodge, Allen, and Campbell,
|c 1790.
|
| 300 |
|
|
|a 348 pages ;
|c 21 cm.
|
| 336 |
|
|
|a text
|b txt
|2 rdacontent
|
| 337 |
|
|
|a microform
|b h
|2 rdamedia
|
| 338 |
|
|
|a microfiche
|b he
|2 rdacarrier
|
| 500 |
|
|
|a Contents differ from volume published under same title in 1804.
|
| 500 |
|
|
|a "An essay on the life of ... Major-General Israel Putnam"--pages [185]-330.
|
| 500 |
|
|
|a "Sabin : 33808."
|
| 500 |
|
|
|a "Copied from the original in the Library of Congress."
|
| 533 |
|
|
|a Microfiche.
|b Louisville, [Ky.] :
|c Lost Cause Press,
|d 1977.
|e 5 microfiches : negative ; 11 x 15 cm.
|f ([Bibliotheca Americana. Selected Americana. Microfiche ed. / J. Sabin]) (Fiche book)
|
| 500 |
|
|
|a Microform.
|
| 600 |
1 |
0 |
|a Putnam, Israel,
|d 1718-1790.
|
| 999 |
|
|
|a MARS
|
| 999 |
f |
f |
|s 1a63c2ac-24a8-3ac3-9f29-470e1f9dbaf2
|i 6b4546fd-a4a0-3df4-b0a7-8f3f131d9b60
|t 0
|
| 952 |
f |
f |
|p normal
|a Texas A&M University
|b College Station
|c Sterling C. Evans Library
|d Evans: Microforms (3rd floor)
|t 0
|e fiche C 4458
|h Other scheme
|i microform -- microfiche
|m A14821693001
|
| 998 |
f |
f |
|a fiche C 4458
|t 0
|l Evans: Microforms (3rd floor)
|